windows versions - Statistics

General Stats
  • This quiz has been taken 28 times
  • The average score is 12 of 15
Answer Stats
hints Answer % Correct
lol vista
95%
lol 1.0
90%
lol 10
90%
lol 2.0
90%
lol 8
90%
lol xp
90%
lol 7
85%
lol 98
85%
lol 95
80%
lol 2000
75%
lol 3.0
75%
lol 3.1
70%
lol me
70%
lol nt 4.0
55%
lol ms dos
50%
No matching quizzes found
Score Distribution
Percent of People with Each Score
Percentile by Number Answered
Your Score History
You have not taken this quiz